000 00760nam a22002537a 4500
001 00003265
003 DO-SdBNP
005 20180207131955.0
007 00003265
008 160530b 1971 xxu ||||| |||| 00| 0 spa d
020 _a0590417088
040 _aBPMSU
_bspa
_cBPMSU
100 1 _aO'Brien, Robert C.
240 1 0 _aMrs. Frisby and the rats of NIMH.
_lEspaƱol
245 1 0 _aMrs Frisby and the Rats of Nimh /
_bRobert C. O'Brien.
260 _aNew York :
_bScholastic,
_c1971.
_g1982
300 _a249 p. ;
_c20 cm.
490 1 _aAn Apple paperback
500 _aHardcover title: Mrs. Frisby and the rats of NIMH.
830 0 _pAn Apple paperback
942 _2ddc
_cBK
945 _aInventariado, 2018 /LP
956 _aLOPEREZ
_b10
_c20160530
999 _c10230
_d10230